U.S. States With The Most State Parks - Statistics

General Stats
  • This quiz has been taken 25 times
  • The average score is 8 of 10
Answer Stats
# of Parks State % Correct
270 California
100%
191 Florida
90%
212 Washington
90%
119 Alaska
86%
215 New York
86%
195 Oregon
86%
142 Illinois
62%
121 Pennsylvania
62%
109 Connecticut
57%
154 Massachusetts
57%
No matching quizzes found
Score Distribution
Percent of People with Each Score
Percentile by Number Answered
Your Score History
You have not taken this quiz